[Event "DEM U12/U12w 2003"]
[Site "Willingen GER"]
[Date "2003.06.10"]
[Round "5"]
[White "Jorczik, Julian"]
[Black "Fischer, Benjamin"]
[Result "1-0"]
[Termination "normal"]
[Board "13"]
[WhiteElo "1682"]
[BlackElo "1591"]
[PlyCount "117"]
[WhiteFideId "24611719"]
[EventCountry "GER"]
[EventRounds "11"]
[EventType "swiss"]
[EventDate "2003.06.07"]

1. d4 d5 2. c4 e6 3. Nc3 Nf6 4. Bg5 Be7 5. Nf3 O-O 6. e3 h6 7. Bh4 b6 8. Bd3
Bb7 9. O-O Nbd7 10. Rc1 c5 11. Qe2 Rc8 12. b3 Ne4 13. Bxe7 Qxe7 14. Rfd1 Ndf6
15. Ne5 Rfd8 16. Qc2 cxd4 17. exd4 Nxc3 18. Qxc3 b5 19. c5 a6 20. Rc2 Bc6 21.
Qa5 Qb7 22. Rb1 Nd7 23. Nxd7 Bxd7 24. a4 Bc6 25. Ra2 Ra8 26. f4 g6 27. Rbb2 Kg7
28. axb5 axb5 29. Qc3 Rxa2 30. Rxa2 Ra8 31. Qa1 b4 32. Rxa8 Qxa8 33. Qxa8 Bxa8
34. Bb5 Bb7 35. Bd7 Kf6 36. c6 Ba6 37. c7 Kf5 38. c8=Q Bxc8 39. Bxc8 Kxf4 40.
Bd7 g5 41. Be8 f6 42. Kf2 Ke4 43. Bf7 e5 44. dxe5 fxe5 45. Ke2 Kd4 46. Kd2 e4
47. Bh5 e3+ 48. Kc2 Ke4 49. Be2 d4 50. Bf3+ Kf4 51. Kd3 g4 52. Bb7 g3 53. h3 h5
54. Bf3 h4 55. Kxd4 Kf5 56. Kxe3 Ke5 57. Kd3 Kd6 58. Kc4 Kc7 59. Kxb4 1-0

[Event "DEM U12/U12w 2003"]
[Site "Willingen GER"]
[Date "2003.06.10"]
[Round "5"]
[White "Scharnowski, Tobias"]
[Black "Rafiee, Makan"]
[Result "1-0"]
[Termination "normal"]
[Board "14"]
[WhiteElo "1658"]
[BlackElo "1579"]
[PlyCount "127"]
[WhiteFideId "24620424"]
[BlackFideId "24609340"]
[EventCountry "GER"]
[EventRounds "11"]
[EventType "swiss"]
[EventDate "2003.06.07"]

1. e4 c5 2. Nf3 d6 3. d4 cxd4 4. Nxd4 Nf6 5. Nc3 a6 6. Be2 e5 7. Nb3 Be6 8. O-O
Be7 9. Bg5 Nbd7 10. Qd2 O-O 11. Rad1 b5 12. a3 Rc8 13. Rfe1 h6 14. Bh4 Qb6 15.
Bxf6 Nxf6 16. Bf1 Rc7 17. Qe3 Qxe3 18. Rxe3 Nh7 19. Bd3 Bg5 20. Ree1 Rc6 21. f3
g6 22. Bf1 f5 23. Na5 Rb6 24. Nd5 Bxd5 25. Rxd5 fxe4 26. fxe4 Nf6 27. Rdd1 Ng4
28. Rd3 d5 29. Rf3 Rbf6 30. Bd3 Be3+ 31. Rexe3 Nxe3 32. Rxe3 d4 33. Re1 g5 34.
Nb3 Rc8 35. Nc1 h5 36. Rf1 Rxf1+ 37. Kxf1 Kf7 38. g3 Kg6 39. Nb3 g4 40. Na5 Rc7
41. Nb3 Kg5 42. Nc1 h4 43. Kg2 Rc6 44. Na2 a5 45. Nc1 a4 46. Na2 Rc5 47. Nb4
Kh5 48. Nd5 Kg5 49. Kf2 Rc8 50. Ne7 Rc7 51. Nf5 hxg3+ 52. hxg3 b4 53. axb4 Rb7
54. b5 Ra7 55. Nd6 a3 56. bxa3 Rxa3 57. b6 Ra8 58. Nc4 Kf6 59. Na5 Ke6 60. b7
Rb8 61. Bc4+ Kd6 62. Bd5 Kc5 63. Ke2 Kd6 64. Nc6 1-0

[Event "DEM U12/U12w 2003"]
[Site "Willingen GER"]
[Date "2003.06.10"]
[Round "5"]
[White "Wendling, Hannes"]
[Black "Hannes, Diana"]
[Result "1-0"]
[Termination "normal"]
[Board "15"]
[WhiteElo "1652"]
[BlackElo "1145"]
[PlyCount "61"]
[WhiteFideId "24624284"]
[BlackFideId "24611344"]
[EventCountry "GER"]
[EventRounds "11"]
[EventType "swiss"]
[EventDate "2003.06.07"]

1. e4 c5 2. c4 Nc6 3. Nc3 g6 4. Nge2 Bg7 5. g3 d6 6. Bg2 Bg4 7. f3 Bd7 8. O-O
e6 9. d3 Nge7 10. Be3 O-O 11. d4 cxd4 12. Nxd4 Qb6 13. Na4 Qb4 14. Nb5 Nd4 15.
Nxd4 Bxa4 16. b3 Qc3 17. Bf2 Bc6 18. Nxc6 Nxc6 19. Qxd6 Rfd8 20. Qa3 Qb4 21.
Qxb4 Nxb4 22. Rad1 Nxa2 23. Rxd8+ Rxd8 24. Bxa7 Ra8 25. Bc5 Bf8 26. Bxf8 Kxf8
27. f4 f5 28. exf5 exf5 29. Ra1 Ra7 30. Bf1 Ra3 31. c5 1-0

[Event "DEM U12/U12w 2003"]
[Site "Willingen GER"]
[Date "2003.06.10"]
[Round "5"]
[White "Doberitz, Paul"]
[Black "Strunski, Andreas"]
[Result "0-1"]
[Termination "normal"]
[Board "16"]
[WhiteElo "1526"]
[BlackElo "1619"]
[PlyCount "106"]
[WhiteFideId "24646130"]
[BlackFideId "24606073"]
[EventCountry "GER"]
[EventRounds "11"]
[EventType "swiss"]
[EventDate "2003.06.07"]

1. e4 e6 2. d4 d5 3. Nc3 Nf6 4. Bg5 Be7 5. Bxf6 Bxf6 6. Nf3 c5 7. dxc5 Bxc3+ 8.
bxc3 Qa5 9. Qd4 O-O 10. exd5 exd5 11. Qb4 Re8+ 12. Kd2 Qc7 13. Bd3 Nc6 14. Rae1
Bf5 15. Qh4 Bxd3 16. cxd3 Qa5 17. a4 Qxc5 18. Ra1 Na5 19. Rhb1 Rac8 20. Qd4 Qe7
21. Qe3 Qf6 22. Qd4 Qh6+ 23. Kd1 Qe6 24. Ra2 Nc6 25. Qf4 Qg6 26. Rxb7 Na5 27.
Rc7 Qxd3+ 28. Nd2 Rxc7 29. Qxc7 Nc4 30. Qf4 Qxc3 31. Qf3 Nb2+ 32. Rxb2 Qxb2 33.
Qxd5 Qa1+ 34. Kc2 Qxa4+ 35. Kd3 Qa6+ 36. Nc4 Qe6 37. Qf3 Rd8+ 38. Kc3 Rc8 39.
Qf4 Kf8 40. Kb4 Rxc4+ 41. Qxc4 Qxc4+ 42. Kxc4 Ke7 43. Kb5 Kd6 44. Ka6 Kd5 45.
Kxa7 Kd4 46. Kb6 Kd3 47. Kc5 Ke2 48. f4 Kf2 49. g4 Kf3 50. Kd5 Kxf4 51. h3 Kg3
52. g5 Kxh3 53. Ke5 Kg4 0-1

[Event "DEM U12/U12w 2003"]
[Site "Willingen GER"]
[Date "2003.06.10"]
[Round "5"]
[White "Jannes, Alexander"]
[Black "Medlin, Paul"]
[Result "1/2-1/2"]
[Termination "normal"]
[Board "17"]
[WhiteElo "1515"]
[BlackElo "1611"]
[PlyCount "63"]
[WhiteFideId "4647955"]
[EventCountry "GER"]
[EventRounds "11"]
[EventType "swiss"]
[EventDate "2003.06.07"]

1. d4 Nf6 2. c4 g6 3. Nf3 Bg7 4. Nc3 O-O 5. Bf4 d6 6. e3 Bf5 7. Bd3 Bg4 8. h3
Bd7 9. O-O Nc6 10. a3 Re8 11. d5 Nb8 12. Rc1 c6 13. Be2 Qb6 14. b4 Rc8 15. Na4
Qd8 16. Nc3 cxd5 17. Nxd5 Nc6 18. Nxf6+ Bxf6 19. Nd4 a5 20. Nxc6 bxc6 21. Rb1
axb4 22. axb4 Ra2 23. Re1 Rca8 24. b5 cxb5 25. cxb5 Bc3 26. Rf1 Rd2 27. Qb3
Rxe2 28. Qxc3 Qb6 29. Bh6 e5 30. Qd3 Rea2 31. e4 R8a5 32. Qf3 1/2-1/2

[Event "DEM U12/U12w 2003"]
[Site "Willingen GER"]
[Date "2003.06.10"]
[Round "5"]
[White "Trapp, Maximilian"]
[Black "Kaczmarczyk, Dennis"]
[Result "1/2-1/2"]
[Termination "normal"]
[Board "18"]
[WhiteElo "1506"]
[BlackElo "1715"]
[PlyCount "80"]
[BlackFideId "24608297"]
[EventCountry "GER"]
[EventRounds "11"]
[EventType "swiss"]
[EventDate "2003.06.07"]

1. f4 Nf6 2. Nf3 g6 3. e3 Bg7 4. d4 O-O 5. Bd3 d6 6. O-O Nc6 7. c3 e5 8. d5
Nxd5 9. Bxg6 hxg6 10. Qxd5 Qe7 11. Nbd2 exf4 12. exf4 Qe3+ 13. Kh1 Qxf4 14. Ne4
Qf5 15. Qd3 d5 16. Nf2 Qxd3 17. Nxd3 Re8 18. Bf4 Bf5 19. Rad1 Rac8 20. Nc5 Re2
21. Rd2 Rxd2 22. Nxd2 b6 23. Ncb3 Be5 24. Bxe5 Nxe5 25. Nd4 Bd7 26. Re1 Nd3 27.
Re7 Re8 28. Rxe8+ Bxe8 29. b4 Nc1 30. a3 c5 31. bxc5 bxc5 32. N4b3 Nxb3 33.
Nxb3 d4 34. cxd4 c4 35. Nc1 Kf8 36. Kg1 Ke7 37. Kf2 g5 38. Ke3 Kd6 39. Ne2 f5
40. g3 Bc6 1/2-1/2

[Event "DEM U12/U12w 2003"]
[Site "Willingen GER"]
[Date "2003.06.10"]
[Round "5"]
[White "Remy, Janina"]
[Black "Kickert, Germaine-Helene"]
[Result "1-0"]
[Termination "normal"]
[Board "19"]
[WhiteElo "1672"]
[BlackElo "1374"]
[PlyCount "50"]
[WhiteFideId "24627348"]
[BlackFideId "24614890"]
[EventCountry "GER"]
[EventRounds "11"]
[EventType "swiss"]
[EventDate "2003.06.07"]

1. c4 e5 2. Nc3 Nf6 3. g3 c6 4. Bg2 d5 5. cxd5 cxd5 6. d4 e4 7. f3 exf3 8. Nxf3
Bb4 9. Qb3 Qe7 10. Ne5 Bxc3+ 11. Qxc3 Bf5 12. e3 O-O 13. O-O Be4 14. Qb3 b6 15.
Bxe4 dxe4 16. Bd2 Nbd7 17. Bb4 Qe8 18. Nxd7 Qxd7 19. Bxf8 Rxf8 20. Rf4 Qc6 21.
Qc3 Qb7 22. Qd2 Rc8 23. Rc1 Re8 24. Qc2 Nd5 25. Rxe4 Rxe4 1-0

[Event "DEM U12/U12w 2003"]
[Site "Willingen GER"]
[Date "2003.06.10"]
[Round "5"]
[White "Collmann, Martin"]
[Black "Fink, Leander"]
[Result "0-1"]
[Termination "normal"]
[Board "20"]
[WhiteElo "1438"]
[BlackElo "1657"]
[PlyCount "60"]
[BlackFideId "24605247"]
[EventCountry "GER"]
[EventRounds "11"]
[EventType "swiss"]
[EventDate "2003.06.07"]

1. e4 c5 2. Nf3 Nc6 3. d4 cxd4 4. Nxd4 e5 5. Nb5 d6 6. N1c3 a6 7. Na3 b5 8. Nd5
Nf6 9. Bg5 Be7 10. Bxf6 Bxf6 11. c3 O-O 12. Nc2 Bg5 13. a4 bxa4 14. Rxa4 a5 15.
Be2 f5 16. Bf3 Ba6 17. exf5 Bb5 18. Ra3 Rxf5 19. Nde3 Rxf3 20. Qxf3 Ne7 21. Nf5
d5 22. Nxe7+ Bxe7 23. Ra1 e4 24. Qe3 Bg5 25. Qc5 Bd3 26. Ne3 Rb8 27. Qxd5+ Qxd5
28. Nxd5 Rxb2 29. f4 exf3 30. Rd1 f2# 0-1

[Event "DEM U12/U12w 2003"]
[Site "Willingen GER"]
[Date "2003.06.10"]
[Round "5"]
[White "Smolkina, Milana"]
[Black "Oltzen, Samuel David"]
[Result "1-0"]
[Termination "normal"]
[Board "21"]
[WhiteElo "1623"]
[BlackElo "1367"]
[PlyCount "73"]
[WhiteFideId "24618780"]
[EventCountry "GER"]
[EventRounds "11"]
[EventType "swiss"]
[EventDate "2003.06.07"]

1. d4 d5 2. Bg5 Nd7 3. Nc3 Ngf6 4. Nf3 e6 5. e4 h6 6. Bxf6 Nxf6 7. e5 Ne4 8.
Bd3 Bb4 9. Bxe4 dxe4 10. Ng1 Qg5 11. g3 b6 12. Qd2 e3 13. Qe2 Qf5 14. f3 Ba6
15. Qxa6 Qxc2 16. Nge2 Qxb2 17. O-O Bxc3 18. Rab1 Qc2 19. Rbc1 Qb2 20. Rxc3 O-O
21. Rxe3 h5 22. Rc3 Qd2 23. Rxc7 Rfd8 24. Rf2 Qg5 25. Rxa7 Rxa7 26. Qxa7 h4 27.
Qxb6 hxg3 28. hxg3 Rc8 29. Rh2 Rc1+ 30. Kf2 Rc8 31. a4 Qd2 32. a5 f6 33. Qxe6+
Kf8 34. Qxc8+ Kf7 35. Qd7+ Kg6 36. Qe8+ Kg5 37. Qh5# 1-0

[Event "DEM U12/U12w 2003"]
[Site "Willingen GER"]
[Date "2003.06.10"]
[Round "5"]
[White "Heistermann, Till"]
[Black "Bradler, Stephan"]
[Result "1/2-1/2"]
[Termination "normal"]
[Board "22"]
[WhiteElo "1619"]
[BlackElo "1366"]
[PlyCount "75"]
[BlackFideId "24629367"]
[EventCountry "GER"]
[EventRounds "11"]
[EventType "swiss"]
[EventDate "2003.06.07"]

1. e4 e5 2. Nf3 Nc6 3. Bb5 Nf6 4. O-O Nxe4 5. Re1 Nd6 6. Bxc6 dxc6 7. Nxe5 Be7
8. Nc3 O-O 9. d3 Re8 10. Bf4 Bf5 11. Qd2 f6 12. Nf3 Qd7 13. Nd4 Bg4 14. f3 Bh5
15. Kh1 Bf7 16. Re2 c5 17. Nb3 b6 18. Ne4 Nf5 19. Rae1 Nd4 20. Nxd4 cxd4 21. a3
Rac8 22. Nf2 Bf8 23. Rxe8 Rxe8 24. Rxe8 Bxe8 25. Ne4 c5 26. Bg3 Qb5 27. b3 Qa6
28. a4 b5 29. axb5 Qa1+ 30. Qe1 Qxe1+ 31. Bxe1 Bxb5 32. Kg1 Kf7 33. Kf2 h6 34.
Ba5 f5 35. Nd2 Bd6 36. g3 Kf6 37. Nc4 Bxc4 38. dxc4 1/2-1/2

[Event "DEM U12/U12w 2003"]
[Site "Willingen GER"]
[Date "2003.06.10"]
[Round "5"]
[White "Roitzsch, Philipp"]
[Black "Stelter, Frederik"]
[Result "1-0"]
[Termination "normal"]
[Board "23"]
[WhiteElo "1612"]
[BlackElo "1157"]
[PlyCount "119"]
[WhiteFideId "24635529"]
[EventCountry "GER"]
[EventRounds "11"]
[EventType "swiss"]
[EventDate "2003.06.07"]

1. e4 e5 2. Nf3 Nf6 3. Nxe5 d6 4. Nf3 Nxe4 5. d4 d5 6. Bd3 Be7 7. O-O O-O 8. c4
c6 9. Re1 f5 10. c5 Re8 11. Bf4 b6 12. b4 Nd7 13. Qa4 Bb7 14. Qb3 Bf6 15. Ne5
Bxe5 16. Bxe5 Nxe5 17. dxe5 Rxe5 18. Bxe4 Rxe4 19. Nd2 Re8 20. Nf3 g6 21. Nd4
Qd7 22. Nf3 Rxe1+ 23. Rxe1 Re8 24. Ne5 Qc7 25. f4 bxc5 26. bxc5 Qa5 27. Kf1
Ba6+ 28. Kf2 Qxc5+ 29. Kg3 Qe7 30. Qa4 Bb5 31. Qc2 Kg7 32. a4 Bc4 33. Qc3 Qf6
34. Qd4 Re7 35. h3 h6 36. Rb1 g5 37. Rb8 gxf4+ 38. Kxf4 Qg5+ 39. Kf3 Qf6 40.
Nxc6 Qxd4 41. Nxd4 Re4 42. Nxf5+ Kg6 43. Nd6 Re6 44. Nb5 Ra6 45. Nc3 d4 46. Nb5
d3 47. Nc3 d2 48. Rd8 Bb3 49. Rxd2 Bxa4 50. Kg3 Ra5 51. h4 Bb3 52. Rd6+ Kg7 53.
Kf4 Ra1 54. g4 a5 55. Rd7+ Kg8 56. Kf5 Rg1 57. Ne2 Rg2 58. Nf4 Rg1 59. Kf6 Rxg4
60. Ng6 1-0

[Event "DEM U12/U12w 2003"]
[Site "Willingen GER"]
[Date "2003.06.10"]
[Round "5"]
[White "Yao, Kelvin"]
[Black "Weller, Manuel"]
[Result "0-1"]
[Termination "normal"]
[Board "24"]
[WhiteElo "1426"]
[BlackElo "1593"]
[PlyCount "62"]
[BlackFideId "24635952"]
[EventCountry "GER"]
[EventRounds "11"]
[EventType "swiss"]
[EventDate "2003.06.07"]

1. Nf3 d5 2. d4 Nf6 3. c4 e6 4. g3 Be7 5. Bg2 O-O 6. O-O Ne4 7. Nc3 f5 8. Ne5
c6 9. Nxe4 fxe4 10. f3 exf3 11. exf3 Nd7 12. Nxd7 Bxd7 13. c5 Re8 14. Bf4 b6
15. b4 bxc5 16. bxc5 Bf6 17. Re1 Qa5 18. Be5 Bxe5 19. Rxe5 Rab8 20. a3 Rb2 21.
Re2 Rxe2 22. Qxe2 Qc3 23. Qd1 e5 24. dxe5 Qxc5+ 25. Kh1 Rxe5 26. f4 Re7 27. Qb3
Qf2 28. Qb4 Kf7 29. Qd6 Re1+ 30. Rxe1 Qxe1+ 31. Bf1 Qxf1# 0-1

[Event "DEM U12/U12w 2003"]
[Site "Willingen GER"]
[Date "2003.06.10"]
[Round "5"]
[White "Schulz, Marcel"]
[Black "Nuber, Blasius"]
[Result "0-1"]
[Termination "normal"]
[Board "25"]
[WhiteElo "1406"]
[BlackElo "1560"]
[PlyCount "92"]
[WhiteFideId "1270585"]
[BlackFideId "24620289"]
[EventCountry "GER"]
[EventRounds "11"]
[EventType "swiss"]
[EventDate "2003.06.07"]

1. d4 d5 2. c4 c6 3. Nc3 e6 4. e4 Nf6 5. Bg5 Bb4 6. e5 h6 7. Bc1 Ne4 8. Qc2 Qa5
9. Bd2 O-O 10. Bd3 Nxd2 11. Qxd2 dxc4 12. Bxc4 c5 13. Nf3 cxd4 14. Qxd4 Nc6 15.
Qe3 Bc5 16. Qe4 Bb4 17. Qe3 b5 18. Be2 Rd8 19. O-O Bb7 20. Rfd1 a6 21. a4 Rxd1+
22. Bxd1 Bxc3 23. Qxc3 b4 24. Qe3 Rd8 25. Bb3 Ne7 26. Qa7 Bd5 27. Bxd5 Nxd5 28.
Nd4 Qc7 29. Qxc7 Nxc7 30. Nc6 Rd2 31. Nxb4 Rxb2 32. Nc6 Nd5 33. h3 Kf8 34. Nd4
Nf4 35. Kf1 Nd3 36. Rd1 Nxf2 37. Rc1 Nd3 38. Rc8+ Ke7 39. Rc7+ Ke8 40. Ra7 Nxe5
41. Rxa6 Ra2 42. Ra8+ Ke7 43. a5 Kd7 44. Ra7+ Kc8 45. a6 Kb8 46. Nc6+ Nxc6 0-1

[Event "DEM U12/U12w 2003"]
[Site "Willingen GER"]
[Date "2003.06.10"]
[Round "5"]
[White "Friedt, Edmund"]
[Black "Zahn, Benno"]
[Result "1/2-1/2"]
[Termination "normal"]
[Board "26"]
[WhiteElo "1306"]
[BlackElo "1529"]
[PlyCount "88"]
[WhiteFideId "24629545"]
[BlackFideId "24636070"]
[EventCountry "GER"]
[EventRounds "11"]
[EventType "swiss"]
[EventDate "2003.06.07"]

1. e4 c5 2. Nf3 d6 3. Bb5+ Bd7 4. Bxd7+ Qxd7 5. c4 g6 6. d3 Bg7 7. Nc3 Nf6 8.
Be3 Nc6 9. O-O O-O 10. Qd2 e6 11. a3 b6 12. Bh6 d5 13. Bxg7 Kxg7 14. cxd5 exd5
15. Rfe1 d4 16. Ne2 Rfe8 17. Ng3 Ne5 18. Nxe5 Rxe5 19. f4 Re7 20. h3 Rae8 21.
Rf1 Qc7 22. b3 a6 23. Rac1 Qb8 24. Qf2 Nd7 25. f5 Kg8 26. Ne2 Ne5 27. Rcd1 b5
28. f6 Re6 29. g4 Kh8 30. g5 a5 31. Qh4 Rg8 32. Nf4 Rd6 33. Qh6 Qf8 34. Qh4 Ra6
35. Nd5 Nc6 36. Rde1 Qd8 37. Qg3 Ra7 38. Rf4 Qd6 39. Rg4 Qxg3+ 40. Rxg3 a4 41.
bxa4 Rxa4 42. Rb1 b4 43. axb4 cxb4 44. Rg2 Rb8 1/2-1/2

[Event "DEM U12/U12w 2003"]
[Site "Willingen GER"]
[Date "2003.06.10"]
[Round "5"]
[White "Hirneise, Jens"]
[Black "Reipschläger, Tom"]
[Result "1-0"]
[Termination "normal"]
[Board "27"]
[WhiteElo "1495"]
[BlackElo "1099"]
[PlyCount "100"]
[WhiteFideId "24614734"]
[EventCountry "GER"]
[EventRounds "11"]
[EventType "swiss"]
[EventDate "2003.06.07"]

1. d4 d5 2. Nf3 Nf6 3. e3 Bf5 4. c4 e6 5. Nc3 Nc6 6. b3 Nb4 7. Kd2 c5 8. a3
cxd4 9. Nxd4 dxc4 10. axb4 Bxb4 11. Bb2 Ne4+ 12. Ke2 Nxc3+ 13. Bxc3 Bd3+ 14.
Kd2 Bxf1 15. Bxb4 Bxg2 16. Rg1 Be4 17. Qg4 Bg6 18. Ke1 cxb3 19. Nxe6 f5 20.
Qxg6+ hxg6 21. Nxd8 Rxd8 22. Rb1 Rxh2 23. Rxb3 Ra8 24. Rxg6 Rh1+ 25. Ke2 Kf7
26. Rd6 a5 27. Ba3 Rc8 28. Rxb7+ Kg8 29. Kf3 Rh3+ 30. Kg2 Rh4 31. Rg6 Rg4+ 32.
Rxg4 fxg4 33. Ra7 Kh7 34. Rxa5 Kh6 35. Rc5 Ra8 36. Bb2 Ra6 37. Bxg7+ Kxg7 38.
Rg5+ Rg6 39. Rxg6+ Kxg6 40. Kg3 Kg5 41. e4 Kf6 42. Kxg4 Ke5 43. f3 Kf6 44. f4
Kg6 45. e5 Kf7 46. f5 Ke7 47. Kg5 Kf7 48. f6 Kf8 49. e6 Ke8 50. Kg6 Kf8 1-0

[Event "DEM U12/U12w 2003"]
[Site "Willingen GER"]
[Date "2003.06.10"]
[Round "5"]
[White "Döring, Julia"]
[Black "Schroer, Claus"]
[Result "0-1"]
[Termination "normal"]
[Board "28"]
[WhiteElo "1257"]
[BlackElo "1475"]
[PlyCount "102"]
[EventCountry "GER"]
[EventRounds "11"]
[EventType "swiss"]
[EventDate "2003.06.07"]

1. e4 e5 2. Nf3 Nc6 3. Bb5 Bc5 4. Nc3 d6 5. O-O Nge7 6. d4 exd4 7. Nxd4 O-O 8.
Nb3 Bb6 9. Bg5 f6 10. Bf4 a6 11. Bd3 Be6 12. Qh5 Ne5 13. Be2 Bf7 14. Qh3 Qc8
15. Qxc8 Raxc8 16. Rad1 Be6 17. Nd5 Nxd5 18. exd5 Bd7 19. Nd4 Ba7 20. Rfe1 Rfe8
21. Nf3 Ng4 22. Nd4 Ne5 23. Bg3 Ng6 24. b3 Re4 25. Nf3 Rce8 26. Kf1 Nf4 27.
Bxf4 Rxf4 28. c4 Rfe4 29. Bd3 Rxe1+ 30. Nxe1 g6 31. Nf3 b5 32. h3 Kg7 33. Be2
h6 34. Nd4 Re4 35. Nf3 Re8 36. Bd3 b4 37. Nh4 f5 38. Nf3 a5 39. Ng1 Bc5 40. Ne2
Ra8 41. Nf4 Kf7 42. Re1 a4 43. Bc2 axb3 44. axb3 Ra2 45. Rc1 Kf6 46. Nd3 g5 47.
Nxc5 dxc5 48. Ke2 f4 49. Kf3 Bf5 50. Bd1 Ke5 51. g4 Be4# 0-1

[Event "DEM U12/U12w 2003"]
[Site "Willingen GER"]
[Date "2003.06.10"]
[Round "5"]
[White "Frey, Alisa"]
[Black "Falke, Isaak"]
[Result "0-1"]
[Termination "normal"]
[Board "29"]
[WhiteElo "1138"]
[BlackElo "1460"]
[PlyCount "114"]
[WhiteFideId "24634662"]
[BlackFideId "24614483"]
[EventCountry "GER"]
[EventRounds "11"]
[EventType "swiss"]
[EventDate "2003.06.07"]

1. d4 d5 2. c4 dxc4 3. Nc3 e6 4. e4 h6 5. Bxc4 Nf6 6. Nf3 c5 7. Qa4+ Bd7 8. Bb5
a6 9. Bxd7+ Qxd7 10. Qxd7+ Nbxd7 11. O-O cxd4 12. Nxd4 Bc5 13. Nb3 Bb4 14. f3
O-O 15. Rd1 Rac8 16. f4 Bxc3 17. bxc3 Rxc3 18. e5 Nd5 19. Ba3 Rfc8 20. Rd2 b5
21. Bb2 Rc2 22. Rc1 Rxc1+ 23. Bxc1 Nxf4 24. Rxd7 Ne2+ 25. Kf2 Nxc1 26. Nxc1
Rxc1 27. Rd8+ Kh7 28. Ke2 Rc2+ 29. Rd2 Rc5 30. Rd6 a5 31. Ra6 Rc2+ 32. Kd3 Rxa2
33. Kc3 b4+ 34. Kb3 Ra3+ 35. Kb2 a4 36. Rb6 Rb3+ 37. Ka2 Kg6 38. Ra6 Re3 39.
Rxa4 Ra3+ 40. Rxa3 bxa3 41. Kxa3 Kf5 42. Kb4 Kxe5 43. Kc3 Ke4 44. Kd2 g5 45.
Ke2 h5 46. Kf2 Kd3 47. Kf3 e5 48. Kf2 e4 49. g3 Kd2 50. h3 g4 51. h4 e3+ 52.
Kf1 e2+ 53. Kf2 e1=Q+ 54. Kg2 Qe2+ 55. Kh1 Ke3 56. Kg1 Kf3 57. Kh1 Qg2# 0-1

[Event "DEM U12/U12w 2003"]
[Site "Willingen GER"]
[Date "2003.06.10"]
[Round "5"]
[White "Park, Johannes"]
[Black "Billing, Tanja"]
[Result "1-0"]
[Termination "normal"]
[Board "30"]
[WhiteElo "1396"]
[BlackElo "1226"]
[PlyCount "67"]
[BlackFideId "24647993"]
[EventCountry "GER"]
[EventRounds "11"]
[EventType "swiss"]
[EventDate "2003.06.07"]

1. d4 d5 2. c4 e6 3. Nf3 Nf6 4. Bg5 Be7 5. Nc3 O-O 6. e3 Nbd7 7. Bd3 dxc4 8.
Bxc4 Nb6 9. Bd3 Nfd5 10. Bxe7 Qxe7 11. Rc1 Qb4 12. Qd2 Bd7 13. O-O Bc6 14. Ne5
Qd6 15. Ne4 Qb4 16. Qc2 Bb5 17. Bxb5 Qxb5 18. Nc5 Rab8 19. a3 Rfe8 20. Rfd1 f6
21. Ned3 Qc6 22. Qb3 Kf7 23. Na6 Qa4 24. Qxa4 Nxa4 25. Nxb8 Rxb8 26. Kf1 Rc8
27. Ke2 Kg6 28. Rd2 c6 29. Nc5 Nc7 30. Nxa4 Kf5 31. Nc5 Rb8 32. Rdc2 e5 33.
dxe5 Kxe5 34. Nd7+ 1-0

[Event "DEM U12/U12w 2003"]
[Site "Willingen GER"]
[Date "2003.06.10"]
[Round "5"]
[White "Karmann, Anna"]
[Black "Gahn, Juliane"]
[Result "1/2-1/2"]
[Termination "normal"]
[Board "31"]
[WhiteElo "1275"]
[BlackElo "1379"]
[PlyCount "73"]
[WhiteFideId "24648000"]
[EventCountry "GER"]
[EventRounds "11"]
[EventType "swiss"]
[EventDate "2003.06.07"]

1. e4 c5 2. Nf3 d6 3. Bb5+ Bd7 4. Bxd7+ Nxd7 5. O-O Ngf6 6. Re1 e5 7. c3 Rc8 8.
d4 Be7 9. b3 O-O 10. Bb2 Qb6 11. Nbd2 h6 12. Nc4 Qc7 13. dxe5 dxe5 14. Ncd2 Nh7
15. c4 Rcd8 16. Qc2 Bd6 17. Nh4 Ng5 18. Nf5 Rfe8 19. Re3 Nf6 20. h4 Ne6 21. Rd1
Nf4 22. Nf1 Bf8 23. Rxd8 Rxd8 24. Rg3 N6h5 25. Rc3 Ne6 26. Rd3 Rxd3 27. Qxd3
Nhf4 28. Qd2 g6 29. N5e3 Bg7 30. g3 Nh5 31. Nd5 Qd8 32. Nfe3 Nd4 33. Qd1 Nf6
34. Nxf6+ Qxf6 35. Kg2 Qc6 36. Nd5 Qd7 37. Ba3 1/2-1/2

[Event "DEM U12/U12w 2003"]
[Site "Willingen GER"]
[Date "2003.06.10"]
[Round "5"]
[White "Büchner, Felix"]
[Black "Wassilian, Diana"]
[Result "0-1"]
[Termination "normal"]
[Board "32"]
[WhiteElo "1229"]
[BlackElo "1376"]
[PlyCount "74"]
[EventCountry "GER"]
[EventRounds "11"]
[EventType "swiss"]
[EventDate "2003.06.07"]

1. d4 d5 2. c4 e6 3. Nc3 Nf6 4. Bg5 Be7 5. e3 b6 6. Nf3 Nbd7 7. cxd5 Nxd5 8.
Bxe7 Nxe7 9. Bd3 O-O 10. Qc2 h6 11. h4 Bb7 12. e4 c5 13. h5 cxd4 14. Nxd4 Nc5
15. O-O-O Qxd4 16. Rh3 Qf6 17. Qe2 Qg5+ 18. Kb1 f5 19. e5 Qxg2 20. Rg3 Qc6 21.
Bb5 Qc7 22. f3 Rf7 23. b4 Na6 24. Bxa6 Bxa6 25. Qxa6 Qxc3 26. Qb5 Rc8 27. Rgg1
Qxf3 28. Rh1 Nd5 29. Qd3 Qxd3+ 30. Rxd3 Nxb4 31. Rd2 Rcf8 32. Rf1 f4 33. Rf3
Nd5 34. a3 Rf5 35. Re2 Rxh5 36. Kc2 Ne3+ 37. Kd3 Rxe5 0-1

[Event "DEM U12/U12w 2003"]
[Site "Willingen GER"]
[Date "2003.06.10"]
[Round "5"]
[White "Seifert, Christopher"]
[Black "Völsgen, Georg"]
[Result "1/2-1/2"]
[Termination "normal"]
[Board "33"]
[WhiteElo "1369"]
[BlackElo "1159"]
[PlyCount "59"]
[WhiteFideId "24615293"]
[BlackFideId "24635901"]
[EventCountry "GER"]
[EventRounds "11"]
[EventType "swiss"]
[EventDate "2003.06.07"]

1. e4 e5 2. Nf3 Nc6 3. d4 exd4 4. Nxd4 Bc5 5. Nxc6 bxc6 6. Bc4 Qf6 7. O-O Ne7
8. Nc3 O-O 9. Qe2 d6 10. Be3 Bb6 11. Bxb6 cxb6 12. f4 h6 13. e5 dxe5 14. fxe5
Qg6 15. Ne4 Be6 16. Bd3 Bf5 17. Qf3 c5 18. Nf6+ gxf6 19. Bxf5 Nxf5 20. Qxf5
Qxf5 21. Rxf5 fxe5 22. Rxe5 Rfe8 23. Rae1 Rxe5 24. Rxe5 Rd8 25. Re2 Kg7 26. Kf2
Kg6 27. Ke1 Rd6 28. Rd2 Rxd2 29. Kxd2 Kf5 30. Ke2 1/2-1/2

[Event "DEM U12/U12w 2003"]
[Site "Willingen GER"]
[Date "2003.06.10"]
[Round "5"]
[White "Mertens, Pauline"]
[Black "Prosch, Julia"]
[Result "1-0"]
[Termination "normal"]
[Board "34"]
[WhiteElo "1353"]
[BlackElo "1003"]
[PlyCount "113"]
[WhiteFideId "24671959"]
[EventCountry "GER"]
[EventRounds "11"]
[EventType "swiss"]
[EventDate "2003.06.07"]

1. e4 e5 2. Nf3 Nc6 3. d4 exd4 4. Nxd4 Qh4 5. Nb5 Bb4+ 6. c3 Ba5 7. Bd3 Nf6 8.
Qe2 O-O 9. O-O Ng4 10. h3 Nge5 11. f4 Nxd3 12. Qxd3 Bb6+ 13. Be3 Bxe3+ 14. Qxe3
a6 15. Nxc7 Rb8 16. e5 b5 17. Nd2 Bb7 18. Ne4 Nxe5 19. fxe5 Qxe4 20. Qxe4 Bxe4
21. Nxa6 Rbe8 22. Nc5 Rxe5 23. Nxd7 Rg5 24. g4 Rd8 25. Rad1 Re8 26. b4 Ra8 27.
Rf2 Ra3 28. Nc5 Bd5 29. Rfd2 Rxc3 30. Rxd5 Rxd5 31. Rxd5 Rc1+ 32. Kf2 Rc2+ 33.
Ke3 h6 34. a4 bxa4 35. Nxa4 Ra2 36. Nc3 Rb2 37. b5 Rb3 38. Kd3 g6 39. Kc4 Rb2
40. Na4 Rc2+ 41. Kb4 Re2 42. Ka5 Re8 43. b6 Ra8+ 44. Kb5 Rb8 45. Nc5 Kg7 46. b7
g5 47. Kb6 Kg6 48. Nd7 Rxb7+ 49. Kxb7 Kg7 50. Rf5 f6 51. Nxf6 Kg6 52. Nh5 Kh7
53. Rf6 Kh8 54. Rxh6+ Kg8 55. Rg6+ Kh7 56. Rxg5 Kh6 57. Rd5 1-0